Tour of Flanders Winners (since 2000) - Statistics

General Stats
  • This quiz has been taken 254 times
    16 since last reset
  • The average score is 19 of 27
Answer Stats
Year Nationality Answer Team % Correct
2024 The Netherlands Mathieu van der Poel Alpecin–Deceuninck
100%
2022 The Netherlands Mathieu van der Poel Alpecin-Fenix
100%
2020 The Netherlands Mathieu van der Poel Alpecin-Fenix
100%
2026 Slovenia Tadej Pogačar UAE Team Emirates XRG
100%
2025 Slovenia Tadej Pogačar UAE Team Emirates XRG
100%
2023 Slovenia Tadej Pogačar UAE Team Emirates
100%
2014 Switzerland Fabian Cancellara Trek Factory Racing
93%
2013 Switzerland Fabian Cancellara RadioShack-Leopard
93%
2010 Switzerland Fabian Cancellara Team Saxo Bank
93%
2016 Slovakia Peter Sagan Tinkoff
93%
2017 Belgium Philippe Gilbert Quick-Step Floors
93%
2012 Belgium Tom Boonen Omega Pharma-Quick-Step
87%
2006 Belgium Tom Boonen Quick-Step-Innergetic
87%
2005 Belgium Tom Boonen Quick-Step-Innergetic
87%
2021 Denmark Kasper Asgreen Deceuninck-Quick-Step
80%
2018 The Netherlands Niki Terpstra Quick-Step Floors
80%
2019 Italy Alberto Bettiol EF Education First
73%
2015 Norway Alexander Kristoff Team Katusha
73%
2003 Belgium Peter van Petegem Lotto-Domo
60%
2011 Belgium Nick Nuyens Saxo Bank-SunGard
53%
2009 Belgium Stijn Devolder Quick-Step
47%
2008 Belgium Stijn Devolder Quick-Step
47%
2007 Italy Alessandro Ballan Lampre-Fondital
40%
2000 Belgium Andrei Tchmil Lotto-Adecco
20%
2002 Italy Andrea Tafi Mapei-Quick-Step
13%
2004 Germany Steffen Wesemann T-Mobile Team
7%
2001 Italy Gianluca Bortolami Tacconi Sport-Vini Caldirola
0%
No matching quizzes found
Score Distribution
Percent of People with Each Score
Percentile by Number Answered
Your Score History
You have not taken this quiz since the last reset